000 00295nam a2200133Ia 4500
008 190216s9999||||xx |||||||||||||| ||und||
100 _a"Adrian M Srb, Ray D Owen"
245 0 _aGeneral Genetics
250 _a1st Ed.
260 _bNull
_c1970
300 _a557
650 _aBotany
942 _cBK
999 _c1188
_d1188